| 000 | 00671cam a22002413a 4500 | ||
|---|---|---|---|
| 001 | 29760 | ||
| 003 | PGUSA | ||
| 005 | 20140828083637.0 | ||
| 008 | 090822s2009||||xxu|||||s|||||000 1 eng d | ||
| 040 |
_aPGUSA _beng |
||
| 042 | _adc | ||
| 050 | 4 | _aPS | |
| 100 | 1 |
_aRay, Anna Chapin, _d1865-1945 |
|
| 245 | 1 | 4 |
_aThe Dominant Strain _h[electronic resource] / _cAnna Chapin Ray |
| 260 |
_bProject Gutenberg, _c2009 |
||
| 506 | _aPublic domain in the USA. | ||
| 516 | _aElectronic text | ||
| 653 | _aFiction | ||
| 700 | 1 |
_aEdwards, H. C. _q(Harry C.), _d1868-1922 |
|
| 830 | 0 |
_aProject Gutenberg _v29760 |
|
| 856 | 4 | 0 | _uhttp://www.gutenberg.org/ebooks/29760 |
| 942 | _cEB | ||
| 999 |
_c259015 _d259015 |
||